Housing products (Record no. 80833)

MARC details
000 -LEADER
fixed length control field 00873cab a22002055a 4500
001 - CONTROL NUMBER
control field L145489
008 - FIXED-LENGTH DATA ELEMENTS--GENERAL INFORMATION
fixed length control field 081015e20081010xxko f 000 0 eng d
035 ## - SYSTEM CONTROL NUMBER
System control number (Sirsi) u145489
041 0# - LANGUAGE CODE
Language code of text/sound track or separate title eng
100 1# - MAIN ENTRY--PERSONAL NAME
Personal name Stothart, Chloe
245 00 - TITLE STATEMENT
Title Housing products
Remainder of title interior finishes
260 ## - PUBLICATION, DISTRIBUTION, ETC.
Date of publication, distribution, etc. 2008
490 #0 - SERIES STATEMENT
Series statement Building
Volume/sequential designation 273 (8550) 10 October 2008, 92-93 (2)
520 ## - SUMMARY, ETC.
Summary, etc. Presents a range of innovative products for interior finishes. In the list are: a magnetic wallpaper; partition boards; textured wallcoverings; emulsion paint; tactile Formica; shower enclosure; translucent concrete; fibre board flooring; stainless steel handrails; and wooden flooring.
590 ## - LOCAL NOTE (RLIN)
Local note KA
651 #4 - SUBJECT ADDED ENTRY--GEOGRAPHIC NAME
Geographic name United Kingdom
Chronological subdivision
690 ## - LOCAL SUBJECT ADDED ENTRY--TOPICAL TERM (OCLC, RLIN)
Topical term or geographic name as entry element BUILT ENVIRONMENT-BUILDING MATERIALS
690 ## - LOCAL SUBJECT ADDED ENTRY--TOPICAL TERM (OCLC, RLIN)
Topical term or geographic name as entry element BUILT ENVIRONMENT-BUILDING ELEMENTS-PARTS OF BUILDING ELEMENTS-INTERNAL FINISHES
942 ## - ADDED ENTRY ELEMENTS (KOHA)
Suppress in OPAC 0
Holdings
Withdrawn status Lost status Source of classification or shelving scheme Damaged status Not for loan Home library Current library Shelving location Date acquired Total Checkouts Full call number Barcode Date last seen Copy number Price effective from Koha item type
    Dewey Decimal Classification     London London Journal article 15/10/2008   L145489 145489-1001 06/08/2019 1 06/08/2019 Journal article